000 00949nam a22002537a 4500
003 OSt
005 20251205014648.0
008 251205b |||||||| |||| 00| 0 eng d
020 _a9715692648
040 _aDWCL - Main
_cOC
082 _aGR 581.095 M178d 2001
100 _aMadulid, Domingo A.
_eAuthor
245 _aA dictionary of Philippine plant names :
_blocal name-scientific name /
_cDomingo A. Madulid
260 _aMakati City, Philippines:
_bBookmark, Inc.,
_cc2001.
300 _av. 1, 327 p.;
_c25 cm.
500 _aPrefatory material in English; local names given in languages of the Philippines, English or Spanish.
504 _aIncludes bibliographical references.
650 _a1. Local name -- scientific name.
650 _a2. Scientific name -- local name.
650 _a3. Botany -- Nomenclative.
650 _a4. Plant names, Popular -- Philippines.
650 _a5. Plants -- Dictionaries.
942 _2ddc
_cGR
_n0
999 _c6901
_d6901